000 00264nam a2200109Ia 4500
008 231129s9999||||xx |||||||||||||| ||spa||
082 _a[sin clasif.]
100 _aSendak Maurice.
245 0 _aDonde viven los monstruos
264 _a: Alfaguara
942 _2ddc
_cBKS
999 _c9789
_d9789